000 00281nam a2200109Ia 4500
008 190914s9999||||xx |||||||||||||| ||und||
100 _aPaul Karasik
245 0 _aHow to Make It Big in the Seminar Business
260 _aNew York
_bMcGraw Hill
_c1998
300 _a246
942 _cBK
999 _c9148
_d9148